[Event "El Prat de Llobregat op 3rd"]
[Site "El Prat de Llobregat"]
[Date "2022.09.30"]
[Round "1"]
[White "Miralles Brugues, Jordi"]
[Black "Amat Montero, Josep Lluis"]
[Result "1-0"]
[WhiteElo "1997"]
[BlackElo "1465"]
[PlyCount "63"]
[EventDate "2022.09.30"]
[EventType "swiss"]
[EventRounds "9"]
[EventCountry "ESP"]
[SourceTitle "EXT 2024"]
[Source "ChessBase"]
[SourceDate "2023.10.10"]
[SourceVersion "1"]
[SourceVersionDate "2023.10.10"]
[SourceQuality "1"]

1. d4 Nf6 2. Bg5 e6 3. e4 Be7 4. e5 Nd5 5. Bd2 Nc6 6. c4 Nb6 7. Qg4 g6 8. Nf3 d5 9. c5 Nc4 10. Bxc4 dxc4 11. h4 h5 12. Qe4 Qd5 13. Nc3 Qxe4+ 14. Nxe4 Bd7 15. Rc1 b5 16. Bg5 0-0-0 17. Ke2 Rde8 18. Bxe7 Rxe7 19. a4 Nb4 20. axb5 Bxb5 21. Nc3 a6 22. Ra1 Kd7 23. Ng5 Nd5 24. Nge4 Rb8 25. Rhb1 Kd8 26. f3 Nf4+ 27. Kf2 Nd5 28. g4 Ke8 29. Nxd5 exd5 30. Nf6+ Kf8 31. gxh5 gxh5 32. Rg1 1-0